Z Poznane

Bibliographic Details
Main Author: Hupka, Gustáv, 1925-2012 (Author)
Format: Article
Language:Slovak
Subjects:

MARC

LEADER 00000nab a2200000 a 4500
001 vtls000301080
003 SK-MaSNL
005 20260304230731.0
008 241209c1987 xo 0 slo
015 |a SNBRB19rr/mm-uuuuu 
035 |a CL0311199 
040 |a SNKBUCL  |b slo  |c SNKBUCL  |e AACR2 
041 0 |a slo 
044 |a xo  |c SK 
080 |a 885.4-1  |2 1981 
100 1 |a Hupka, Gustáv,  |d 1925-2012  |4 aut  |9 97597 
245 1 0 |a Z Poznane  |c Gustáv Hupka 
500 |a Dat. Medzinárodný festival poézie, Poznaň 11.-15. november 1987. 
655 7 |a slovenská poézia  |2 snkbucl  |9 70444 
655 7 |a články z novín a časopisov  |2 snkbucl  |9 267496 
655 7 |a články z odboru literárna veda a krásna literatúra  |2 snkbucl  |9 770045 
773 0 |t Bojovník  |g Roč. 32, č. 51-52 (1987), s. 11 
850 |a Slovenská národná knižnica 
852 |a Slovenská národná knižnica 
958 |a RK 
958 |a LX 
992 |a RBX 
999 |c 3184708  |d 3186638